• 首页
  • 本馆介绍
  • 公告通知
  • 最新文献
  • 馆藏检索
  • 电子资源
  • 读者导购
  • 参考咨询
  • 我的图书馆
  • 登录
  • 详细信息显示
  • 放入我的书架
  • 预约/预借图书
  • 作者相关作品
  • 分类相关作品
  • 丛书相关作品
  • 出版社相关作品

书目信息

  • 表格格式
  • 工作单格式
  • 卡片格式
题名:
世界风物
    
 
作者: ;世界知识出版社 编辑
分册: 一  
出版信息: 北京   世界知识出版社  1983
页数: 225页
开本: 19cm
丛书名:
单 册:
中图分类: Z228 , I16
科图分类:
主题词: 科学知识--普及读物 , 散文--作品集--世界 , 文学--杂著--作品集--世界
电子资源:
ISBN:
000 00726nam0 2200265 450
001 1535649179
005 20150122095317.26
010    @dCNY0.79
091    @a3003.1655(1)
091    @a3003.1664(2)
100    @a19950605d1983 em y0chiy0110 ea
101 0  @achi
102    @aCN@b110000
105    @af z 000yy
200 1  @a世界风物@9shi jie feng wu@h一@f世界知识出版社编辑
210    @a北京@c世界知识出版社@d1983
215    @a225页@c照片@d19cm
606 0  @a科学知识@x普及读物
606 0  @a散文@x作品集@x世界
606 0  @a文学@x杂著@x作品集@x世界
690    @aZ228@v5
690    @aI16@v4
711 02 @a世界知识出版社@9shi jie zhi shi chu ban she@4编辑
801  0 @aCN@bTSSF@c20150122
905    @aZUCC@dI16@eJY8:1
    
    世界风物.一/世界知识出版社编辑.-北京:世界知识出版社,1983
    225页:照片;19cm
    
    
    ISBN :CNY0.79
    
●
相关链接 在E读中查询图书 在五车中查询图书 在当当中查询图书 在豆瓣中查询图书


正题名:世界风物     索取号:I16/JY8:1         预约/预借

序号 登录号 条形码 馆藏地/架位号 状态 备注
1 7856320   278563207   学院路分馆/ [索取号:I16/JY8:1] 在馆    
2 7856321   278563216   学院路分馆/ [索取号:I16/JY8:1] 在馆    
3 7856326   278563261   学院路分馆/ [索取号:I16/JY8:1] 在馆    
4 7856327   278563270   学院路分馆/ [索取号:I16/JY8:1] 在馆    
唐山师范学院图书馆 欢迎您!
大连网信软件有限公司© 版权所有